1160 1618 1292 1767 1687 1231 1240 1102 1517 1759 1895 1243 1250 1180 1141 1882 1917 1502 1625 1179 1239 1243 1651 1336 1456 1268 1213 1636 1145 1163 1337 1588 1545 1462 1359 1482 1051 1079 1071 1870 1509 1878 1648 1186 1330 1080 1394 1922 1759 1108 1025 1717 1316 1779 1211 1915 1786 1442 1305 1227 1977 1303 1976 1309 1608 1853 1008 1710 1365 1712 1136 1296 1417 1356 1366 1357 1891 1714 1885 1601 1440 1126 1022 1774 1325 1965 1111 1383 1999 1250 1322 1708 1269 1078 1444 1647 1133 1333 1610 BCNSPRNW ULIB Ver.6.0+V

เปลี่ยนเป็นภาษาไทย

Change to English
 แสดงรายละเอียดบรรณานุกรม
  กลับหน้าหลัก

Brief Record : Get Marc (ISO 2709) : E-mail record : QR code < ปิดหน้าต่าง
LEADER : 00000nam 2200000uu 4500
001    13399113492
003     ULIB
008    110627s2549||||th 000 0 tha d
020    9789749931920
090    นว.^bอ111ท 2549
100 0  อ.สายสุวรรณ
245 00 เทวดาฝรั่ง กรีก-โรมัน/^cอ.สายสุวรรณ
250    พิมพ์ครั้งที่ 7
260    กรุงเทพฯ :^bอมรินทร์,^c2549
300    318 หน้า
710 1  อมรินทร์
945    ^p250^l0^i021026
995    ทศพร
999 ^a ใช้งานได้ทุกระบบ
รายการนี้ยังไม่มีแท็ก
คุณยังไม่ได้ล็อกอิน คุณสามารถมีกิจกรรมร่วมกับเว็บไซต์ได้ แต่ต้องล็อกอินก่อน ::
  ล็อกอิน

รายการสื่อสารสนเทศ

ลำดับที่ ประเภท เลขเรียก/บาร์โค้ด สถานที่ สถานะ
1. นวนิยาย
นวนิยาย
นว. อ111ท 2549 ฉ.1 
  Barcode: 021026
ห้องสมุดวิทยาเขตสวรรค์ประชารักษ์
►นวนิยาย
บนชั้น
  ขอยืม

BibComment


ยังไม่เคยถูกคอมเมนท์

คอมเมนท์ทรัพยากรรายการนี้
  คอมเมนท์: เทวดาฝรั่ง กรีกโร..


 Copyright 2026. Bcnsprnw @Library